000
00313nam a22001457a 4500
008
221024b ||||| |||| 00| 0 eng d
020
_a
9780595246182
041
_a
eng
080
_a
159.9
082
_a
159.9 BRI
100
_a
25
101
_a
PSI
245
_a
THE DEMONOLOGIST
_c
BRITTLE D
942
_2
udc
_c
BK
999
_c
58654
_d
58654